Statistics for Answers by Time Period

Click here to take the quiz!

General Stats

  • This quiz has been taken 21,422 times
    (10,331 since last reset)
  • The average score is 22 of 38

Answer Stats

CategoryTime PeriodAnswer% Correct
Largest country or empire by land areapresentRussia
93%
Most populous metro area1900London
91%
Most populous metro area200Rome
91%
Most populous metro area1950New York City
90%
English monarchpresentElizabeth II
89%
Richest person (private citizen)2000Bill Gates
86%
Largest country or empire by land area1900British Empire
86%
Most populous metro areapresentTokyo or Guangzhou
85%
Tallest free-standing structure1950Empire State Building
79%
Largest country or empire by land area1980Soviet Union
77%
100m dash record holderpresentUsain Bolt
76%
English monarch1850Victoria
76%
Highest-grossing film of all time2000Titanic
73%
English monarch1520Henry VIII
72%
Tallest free-standing structure1900Eiffel Tower
67%
Heavyweight boxing world champion1965Muhammad Ali
64%
English monarch1800George III
64%
Richest person (private citizen)presentJeff Bezos
63%
Tallest free-standing structurepresentBurj Khalifa
62%
Largest country or empire by land area1600Spanish Empire
60%
Largest country or empire by land area1300Mongol Empire
60%
Most populous metro area1800Beijing
59%
English monarch1067William the Conqueror
56%
Heavyweight boxing world champion1988Mike Tyson
52%
Highest-grossing film of all time1940Gone With the Wind
49%
Richest person (private citizen)1900John D. Rockefeller
47%
Tallest free-standing structure1 ADGreat Pyramid
44%
Largest country or empire by land area500 BCAchaemenid Empire (Persia)
43%
Highest-grossing film of all time1980Star Wars
41%
100m dash record holder1936Jesse Owens
34%
Most populous metro area1700 BCBabylon
34%
Tallest free-standing structure1980CN Tower
28%
100m dash record holder1988Carl Lewis
26%
Heavyweight boxing world champion1940Joe Louis
17%
Tallest free-standing structure1885Washington Monument
13%
Richest person (private citizen)55 BCCrassus
9%
Richest person (private citizen)1820Nathan Rothschild
8%
Richest person (private citizen)1985Sam Walton
5%

Score Distribution

Percentile by Number Answered

Percent of People with Each Score

Your Score History

You have not taken this quiz since the last reset